People who have flown to the moon - Statistics

General Stats
  • This quiz has been taken 23 times
  • The average score is 11 of 27
Answer Stats
Hint Answer % Correct
Apollo 11 Commander Neil Armstrong
100%
Apollo 11 LM Pilot Buzz Aldrin
88%
Apollo 11 CM Pilot Michael Collins
81%
Apollo 8 Command Module Pilot Jim Lovell
56%
Apollo 13 Commander Jim Lovell
56%
Apollo 10 LM Pilot Eugene Cernan
50%
Apollo 17 Commander Eugene Cernan
50%
Apollo 17 LM Pilot Harrison Schmitt
50%
Apollo 12 LM Pilot Alan Bean
44%
Apollo 14 Commander Alan Shepard
44%
Apollo 13 CM Pilot Jack Swigert
38%
Apollo 15 Commander David Scott
31%
Apollo 14 LM Pilot Edgar Mitchell
31%
Apollo 10 CM Pilot John Young
31%
Apollo 16 Commander John Young
31%
Apollo 12 CM Pilot Richard Gordon
31%
Apollo 15 CM Pilot Alfred Worden
25%
Apollo 8 Lunar Module Pilot Bill Anders
25%
Apollo 12 Commander Charles Conrad
25%
Apollo 16 LM PIlot Charles Duke
25%
Apollo 8 Commander Frank Borman
25%
Apollo 13 LM Pilot Fred Haise
25%
Apollo 15 LM Pilot James Irwin
25%
Apollo 14 CM Pilot Stuart Roosa
25%
Apollo 17 CM Pilot Ronald Evans
19%
Apollo 10 Commander Tom Stafford
19%
Apollo 16 CM Pilot Ken Mattingly
13%
No matching quizzes found
Score Distribution
Percent of People with Each Score
Percentile by Number Answered
Your Score History
You have not taken this quiz